| 000 | 00695nam a22001817a 4500 | ||
|---|---|---|---|
| 008 | 171208b xxu||||| |||| 00| 0 eng d | ||
| 020 | _a081440233 | ||
| 082 |
_21994 _aDC 658.4012 _bAL1n |
||
| 100 |
_924669 _aAlbrecht, Karl,author. |
||
| 245 |
_aThe Northbound train : _bfinding the purpose, setting the direction, shaping the destiny of your organization / _c Karl Albrecht. |
||
| 260 |
_aNew York : _b AMACOM, _c©1994. |
||
| 300 |
_ax, 213 pages : _b illustrations ; _c24 cm. |
||
| 500 | _aIncludes bibliographical references and index.. | ||
| 650 | 0 |
_924670 _aOrganizational effectiveness. |
|
| 650 | 0 |
_924671 _aStrategic planning. |
|
| 650 | 0 |
_924673 _aCustomer services. |
|
| 942 |
_2ddc _cDC |
||
| 999 |
_c8006 _d8006 |
||